Horse under water ; a novel /

Bibliographic Details
Main Author: Deighton, Len, 1929-
Format: Book
Language:English
Published: New York : Putnam, [1968]
Edition:[1st American ed.].

MARC

Tag First Indicator Second Indicator Subfields
LEADER 00000cam a22000001 4500
001 in00000012325
005 20190124094954.0
008 740514r1968 nyu 00011 eng
010 |a  67010088  
035 |a (OCoLC)00311804 
035 |9 AAA4886AM 
040 |a DLC  |c DLC  |d m.c.  |d OCL  |d TXA  |d UtOrBLW 
049 |a TXAM  |c [A12605237] 
050 0 4 |a PR6054.E37  |b H67 1968 
100 1 |a Deighton, Len,  |d 1929- 
245 1 0 |a Horse under water ;  |b a novel /  |c by Len Deighton. 
250 |a [1st American ed.]. 
264 1 |a New York :  |b Putnam,  |c [1968] 
264 4 |c ©1968 
300 |a 255 pages ;  |c 22 cm. 
336 |a text  |b txt  |2 rdacontent 
337 |a unmediated  |b n  |2 rdamedia 
338 |a volume  |b nc  |2 rdacarrier 
999 |a MARS 
999 f f |s 048be435-d7fe-38e8-8673-4e783588a143  |i aca87090-154b-31ed-af86-656b5233057c  |t 0 
952 f f |p normal  |a Texas A&M University  |b College Station  |c Sterling C. Evans Library  |d Evans: Library Stacks  |t 0  |e PR6054.E37 H67 1968  |h Library of Congress classification  |i unmediated -- volume  |m A14812605237 
998 f f |a PR6054.E37 H67 1968  |t 0  |l Evans: Library Stacks